[Event "Bundesliga 1920"]
[Site "Germany"]
[Date "2019.12.08"]
[Round "4.6"]
[White "Matlakov, Maxim"]
[Black "Abasov, Nijat Azad"]
[Result "1/2-1/2"]
[WhiteElo "2710"]
[BlackElo "2655"]
[PlyCount "61"]
[EventDate "2019.11.23"]
[EventType "team-tourn"]
[EventRounds "15"]
[EventCountry "GER"]
[SourceTitle "CBM 193 Extra"]
[Source "ChessBase"]
[SourceDate "2020.01.31"]
[SourceVersion "1"]
[SourceVersionDate "2020.01.31"]
[SourceQuality "1"]
[WhiteTeam "Lingen"]
[BlackTeam "Speyer Schwegenheim"]
[WhiteTeamCountry "GER"]
[BlackTeamCountry "GER"]

1. c4 Nf6 2. Nc3 c5 3. Nf3 e6 4. e3 d5 5. cxd5 exd5 6. Bb5+ Nc6 7. d4 Bd6 8. dxc5 Bxc5 9. O-O O-O 10. b3 a6 11. Bxc6 bxc6 12. Bb2 Bg4 13. Ne2 Bd6 14. Rc1 Rc8 ({RR} 14... Bxf3 15. gxf3 Rc8 16. Qd3 Nd7 17. Rfd1 Be5 18. Ba3 Re8 19. f4 Bf6 20. Qxa6 Ra8 21. Qxc6 Rxa3 22. Rxd5 Ra7 23. a4 Qe7 24. Ng3 Nf8 25. Nf5 Qa3 26. Qxe8 Qxc1+ 27. Kg2 g6 28. Nd6 Bh4 29. Nc4 {Korobov,A (2667)-Ivanchuk,V (2653) Zagreb CRO 2023 ½-½ (41)}) ({RR} 14... Bxf3 15. gxf3 Rc8 16. Qd3 Nd7 17. Rfd1 Be5 18. Ba3 Re8 19. f4 Bf6 20. Qxa6 Ra8 21. Qxc6 Rxa3 22. Rxd5 Ra7 23. a4 Qe7 24. Ng3 Nf8 25. Nf5 Qa3 26. Qxe8 Qxc1+ 27. Kg2 g6 28. Nd6 Bh4 29. Nc4 {Korobov,A (2667)-Ivanchuk,V (2653) Zagreb CRO 2023 ½-½ (41)}) 15. Ne5 Bxe5 16. Bxe5 c5 $146 ({RR} 16... Re8 17. Bxf6 Qxf6 18. h3 Bxe2 19. Qxe2 c5 20. Qd2 d4 21. exd4 cxd4 22. Rxc8 Rxc8 23. Rd1 Rd8 24. Qd3 Qc6 25. g3 g6 26. h4 h5 27. Rd2 {½-½ (27) Adams,M (2716)-Lalic,B (2402) Chess.com INT 2020}) ({RR} 16... Qe7 17. Bb2 Rfd8 18. Re1 c5 19. Qd3 Bxe2 20. Rxe2 Qd6 21. Qf5 Qe6 22. Qxe6 fxe6 23. Rec2 Nd7 24. Bd4 Rc6 25. Bxc5 Rdc8 26. b4 e5 27. Kf1 Kf7 28. Ke2 Ke6 29. Kd2 g5 30. f3 h5 31. a4 {Mikaelyan,A (2496)-Poghosyan,S (2301) Yerevan 2018 ½-½ (61)}) ({RR} 16... Re8 17. Bxf6 Qxf6 18. h3 Bxe2 19. Qxe2 c5 20. Qd2 d4 21. exd4 cxd4 22. Rxc8 Rxc8 23. Rd1 Rd8 24. Qd3 Qc6 25. g3 g6 26. h4 h5 27. Rd2 {½-½ (27) Adams,M (2716)-Lalic,B (2402) Chess.com INT 2020}) ({RR} 16... Qe7 17. Bb2 Rfd8 18. Re1 c5 19. Qd3 Bxe2 20. Rxe2 Qd6 21. Qf5 Qe6 22. Qxe6 fxe6 23. Rec2 Nd7 24. Bd4 Rc6 25. Bxc5 Rdc8 26. b4 e5 27. Kf1 Kf7 28. Ke2 Ke6 29. Kd2 g5 30. f3 h5 31. a4 {Mikaelyan,A (2496)-Poghosyan,S (2301) Yerevan 2018 ½-½ (61)}) 17. h3 Bh5 18. g4 Bg6 19. Nf4 Re8 20. Bxf6 Qxf6 21. Nxg6 hxg6 22. Qxd5 Rcd8 23. Qxc5 Qf3 24. Rc4 Qxh3 25. Rf4 Re6 26. Qc7 Rf8 27. Qb7 g5 28. Rc4 Rd8 29. Qg2 Qxg2+ 30. Kxg2 Rd2 31. Kg3 1/2-1/2

[Event "Nanjing Summit m"]
[Site "Nanjing"]
[Date "2019.10.03"]
[Round "2"]
[White "Leko, Peter"]
[Black "Wei, Yi"]
[Result "1/2-1/2"]
[WhiteElo "2670"]
[BlackElo "2721"]
[PlyCount "77"]
[EventDate "2019.10.02"]
[EventType "match"]
[EventRounds "4"]
[EventCountry "CHN"]
[SourceTitle "CBM 193 Extra"]
[Source "ChessBase"]
[SourceDate "2020.01.31"]
[SourceVersion "1"]
[SourceVersionDate "2020.01.31"]
[SourceQuality "1"]

1. Nf3 c5 2. c4 Nc6 3. Nc3 Nf6 4. g3 d5 5. d4 e6 6. cxd5 exd5 7. Bg2 Be7 8. O-O O-O 9. dxc5 Bxc5 10. Na4 Be7 11. Be3 Re8 12. Rc1 Bg4 13. Re1 Bb4 14. Bd2 Bxd2 15. Qxd2 Ne4 16. Qf4 Be6 $146 ({RR} 16... Qd7 17. Nc5 Nxc5 18. Rxc5 Rad8 19. Nd4 Nxd4 20. Qxd4 Bxe2 21. Rxd5 Qc7 22. Rxe2 {1-0 (22) Grigorov,G (2507)-Sernecki,F (2243) Chess.com INT 2020}) ({RR} 16... Qd7 17. Nc5 Nxc5 18. Rxc5 Rad8 19. Nd4 Nxd4 20. Qxd4 Bxe2 21. Rxd5 Qc7 22. Rxe2 {1-0 (22) Grigorov,G (2507)-Sernecki,F (2243) Chess.com INT 2020}) ({RR} 16... Qd7 17. Nc5 Nxc5 18. Rxc5 Rad8 19. Nd4 Nxd4 20. Qxd4 Bxe2 21. Rxd5 Qc7 22. Rxe2 {1-0 (22) Grigorov,G (2507)-Sernecki,F (2243) Chess.com INT 2020}) ({RR} 16... Qd7 17. Nc5 Nxc5 18. Rxc5 Rad8 19. Nd4 Nxd4 20. Qxd4 Bxe2 21. Rxd5 Qc7 22. Rxe2 {1-0 (22) Grigorov,G (2507)-Sernecki,F (2243) Chess.com INT 2020}) 17. Nd2 g5 18. Qe3 Bf5 19. Nc5 Nxc5 20. Qxc5 Qf6 21. Qc3 Qxc3 22. bxc3 Rad8 23. Nf3 h6 24. Nd4 Be4 25. Bxe4 dxe4 26. Nxc6 bxc6 27. Red1 Rxd1+ 28. Rxd1 Rb8 29. Rd6 Rb2 30. e3 Kg7 31. a4 c5 32. g4 Rc2 33. Ra6 Rxc3 34. Rxa7 Ra3 35. a5 c4 36. Rc7 Rxa5 37. Rxc4 Re5 38. Kg2 Re6 39. Kg3 1/2-1/2

[Event "Shenzhen Du Te Cup 2nd"]
[Site "Shenzhen"]
[Date "2018.11.11"]
[Round "7"]
[White "Vitiugov, Nikita"]
[Black "Wojtaszek, Radoslaw"]
[Result "1-0"]
[WhiteElo "2709"]
[BlackElo "2749"]
[PlyCount "67"]
[EventDate "2018.11.04"]
[EventType "tourn"]
[EventRounds "10"]
[EventCountry "CHN"]
[EventCategory "21"]
[SourceTitle "CBM 187 Extra"]
[Source "ChessBase"]
[SourceDate "2018.11.04"]
[SourceVersion "1"]
[SourceVersionDate "2018.11.04"]
[SourceQuality "1"]

1. Nf3 d5 2. e3 Nf6 3. c4 e6 4. Nc3 Bd6 5. b3 c5 6. Bb2 Nc6 7. cxd5 exd5 8. d4 cxd4 9. Nxd4 O-O 10. Be2 Re8 11. O-O Nxd4 12. Qxd4 Be5 13. Qd2 d4 14. exd4 Qxd4 15. Qxd4 Bxd4 16. Bf3 Be6 $146 ({RR} 16... Ne4 17. Bxe4 Bxc3 18. Bxh7+ Kxh7 19. Bxc3 Be6 20. Bd4 a5 21. Bc5 a4 22. bxa4 Rxa4 23. a3 Rc4 24. Rfc1 Rxc1+ 25. Rxc1 Rc8 26. Be3 Rxc1+ 27. Bxc1 f6 28. f3 g5 29. Kf2 Kg6 30. Bb2 f5 31. g3 {Mendes,A (2301)-Begmuratov,K (2466) Barranquilla 2025 ½-½ (32)}) ({RR} 16... Rb8 17. Rad1 Be5 18. Rfe1 Bg4 19. Bxg4 Nxg4 20. h3 Nf6 21. Na4 Bxb2 22. Nxb2 Rxe1+ 23. Rxe1) ({RR} 16... Rb8 17. Rad1 Be5 18. h3 Bf5 19. g4 Bg6 20. Rfe1 h6 21. Kg2 b6 22. Re2 Rbc8 23. Nb5 Bxb2 24. Rxb2 Re7 25. Rd4 Rc5 26. Nd6 Rd7 27. b4 Rc2 28. Rxc2 Bxc2 29. Bc6 Rd8 30. Kf3 Kf8 31. Ke3 {Maghsoodloo,P (2706)-Mendonca,L (2605) Chartres FRA 2026 ½-½ (53)}) ({RR} 16... Rb8 17. Rad1 Be5 18. h3 Bf5 19. Na4 Bxb2 20. Nxb2 b6 21. Nc4 Be6 22. Rd4 Rec8 23. Rfd1 Bxc4 24. bxc4 Kf8 25. g4 Rc5 26. h4 h6 27. Kg2 Re8 28. R1d3 Ra5 29. Rd2 Rae5 30. Rf4 Ke7 31. Rfd4 {Guichard,P (2392)-Zawadzka,J (2418) Antalya 2019 ½-½ (38)}) ({RR} 16... Ne4 17. Bxe4 Bxc3 18. Bxh7+ Kxh7 19. Bxc3 Be6 20. Bd4 a5 21. Bc5 a4 22. bxa4 Rxa4 23. a3 Rc4 24. Rfc1 Rxc1+ 25. Rxc1 Rc8 26. Be3 Rxc1+ 27. Bxc1 f6 28. f3 g5 29. Kf2 Kg6 30. Bb2 f5 31. g3 {Mendes,A (2301)-Begmuratov,K (2466) Barranquilla 2025 ½-½ (32)}) ({RR} 16... Rb8 17. Rad1 Be5 18. Rfe1 Bg4 19. Bxg4 Nxg4 20. h3 Nf6 21. Na4 Bxb2 22. Nxb2 Rxe1+ 23. Rxe1) ({RR} 16... Rb8 17. Rad1 Be5 18. h3 Bf5 19. g4 Bg6 20. Rfe1 h6 21. Kg2 b6 22. Re2 Rbc8 23. Nb5 Bxb2 24. Rxb2 Re7 25. Rd4 Rc5 26. Nd6 Rd7 27. b4 Rc2 28. Rxc2 Bxc2 29. Bc6 Rd8 30. Kf3 Kf8 31. Ke3 {Maghsoodloo,P (2706)-Mendonca,L (2605) Chartres FRA 2026 ½-½ (53)}) ({RR} 16... Rb8 17. Rad1 Be5 18. h3 Bf5 19. Na4 Bxb2 20. Nxb2 b6 21. Nc4 Be6 22. Rd4 Rec8 23. Rfd1 Bxc4 24. bxc4 Kf8 25. g4 Rc5 26. h4 h6 27. Kg2 Re8 28. R1d3 Ra5 29. Rd2 Rae5 30. Rf4 Ke7 31. Rfd4 {Guichard,P (2392)-Zawadzka,J (2418) Antalya 2019 ½-½ (38)}) 17. Rad1 Bxc3 18. Bxc3 Rac8 19. Bd4 b6 20. Rd2 Bf5 21. Be3 Be4 22. Bxe4 Rxe4 23. Rfd1 Kf8 24. h3 Re6 25. Rd4 h6 26. Ra4 Re7 27. Rdd4 Ke8 28. g4 Rd8 29. Rxd8+ Kxd8 30. g5 Ng8 31. Bxb6+ axb6 32. Ra8+ Kd7 33. Rxg8 hxg5 34. Rxg7 1-0

[Event "Bundesliga 1819"]
[Site "Germany"]
[Date "2019.02.02"]
[Round "7.2"]
[White "Alekseev, Evgeny V"]
[Black "Nisipeanu, Liviu Dieter"]
[Result "1/2-1/2"]
[WhiteElo "2620"]
[BlackElo "2674"]
[PlyCount "44"]
[EventDate "2018.11.10"]
[EventType "team-tourn"]
[EventRounds "15"]
[EventCountry "GER"]
[SourceTitle "CBM 188 Extra"]
[Source "ChessBase"]
[SourceDate "2019.02.26"]
[SourceVersion "1"]
[SourceVersionDate "2019.02.26"]
[SourceQuality "1"]
[WhiteTeam "Duesseldorf"]
[BlackTeam "Dresden TU"]
[WhiteTeamCountry "GER"]
[BlackTeamCountry "GER"]

1. Nf3 d5 2. e3 Nf6 3. c4 e6 4. Nc3 c5 5. cxd5 exd5 6. d4 a6 7. b3 Nc6 8. Bb2 cxd4 9. Nxd4 Bd6 10. Be2 O-O 11. O-O Qc7 ({RR} 11... Re8 12. Bf3 Ne5 13. Bxd5 Neg4 14. Nf3 Nxh2 15. Nxh2 Bxh2+ 16. Kxh2 Ng4+ 17. Kg3 Qd6+ 18. Kf3 Qh6 19. Qd4 Qh5 20. Rh1 {1-0 (20) Nepomniachtchi,I (2774)-Bareev,E (2643) Amsterdam 2019}) ({RR} 11... Re8 12. Bf3 Ne5 13. Bxd5 Neg4 14. Nf3 Nxh2 15. Nxh2 Bxh2+ 16. Kxh2 Ng4+ 17. Kg3 Qd6+ 18. Kf3 Qh6 19. Qd4 Qh5 20. Rh1 {1-0 (20) Nepomniachtchi,I (2774)-Bareev,E (2643) Amsterdam 2019}) 12. h3 ({RR} 12. g3 Nxd4 13. Qxd4 Be6 14. Rac1 Be5 15. Qd2 Qa5 16. f4 Bd6 17. Ne4 Qxd2 18. Nxd2 Bb4 19. Bc3 Ba3 20. Rcd1 Rac8 21. Bxf6 gxf6 22. Bd3 Rc3 23. Nf3 Bg4 24. Kg2 Re8 25. Rfe1 Bb4 26. Re2 Bc5 {Pyrih,R (2408)-Jagirapu,H (2288) chess.com INT 2026 0-1 (78)}) ({RR} 12. g3 Nxd4 13. Qxd4 Be6 14. Rac1 Be5 15. Qd2 Qa5 16. f4 Bd6 17. Ne4 Qxd2 18. Nxd2 Bb4 19. Bc3 Ba3 20. Rcd1 Rac8 21. Bxf6 gxf6 22. Bd3 Rc3 23. Nf3 Bg4 24. Kg2 Re8 25. Rfe1 Bb4 26. Re2 Bc5 {Pyrih,R (2408)-Jagirapu,H (2288) chess.com INT 2026 0-1 (78)}) 12... Qe7 13. Nf3 $146 ({RR} 13. Nxc6 bxc6 14. Qd4 c5 15. Qd3 Bb7 16. Bf3 Rad8 17. Qf5 Bc8 18. Qg5 h6 19. Qh4 Qe5 20. g3 Qf5 21. Bg2 d4 22. exd4 cxd4 23. Na4 Be5 24. Rad1 h5 25. f4 Bb8 26. Kh2 Ba7 27. Rfe1 Rfe8 {Lopukhin,A (2266)-Oganian,M (2411) Sochi 2019 0-1 (39)}) ({RR} 13. Na4 Bc7 14. Nxc6 bxc6 15. Qd4 Qd6 16. f4 Re8 17. Bf3 Rb8 18. Rac1 Rb5 19. Rfd1 a5 20. Rd3 Bd7 21. g4 h6 22. Kg2 Reb8 23. Qe5 Be8 24. Qxd6 Bxd6 25. Bd4 Rb4 26. Bc5 Bxc5 27. Nxc5 Ra8 {Klekowski,M (2463)-Kuzubov,Y (2606) chess.com INT 2024 0-1 (81)}) ({RR} 13. Nxc6 bxc6 14. Qd4 c5 15. Qd3 Bb7 16. Bf3 Rad8 17. Qf5 Bc8 18. Qg5 h6 19. Qh4 Qe5 20. g3 Qf5 21. Bg2 d4 22. exd4 cxd4 23. Na4 Be5 24. Rad1 h5 25. f4 Bb8 26. Kh2 Ba7 27. Rfe1 Rfe8 {Lopukhin,A (2266)-Oganian,M (2411) Sochi 2019 0-1 (39)}) ({RR} 13. Na4 Bc7 14. Nxc6 bxc6 15. Qd4 Qd6 16. f4 Re8 17. Bf3 Rb8 18. Rac1 Rb5 19. Rfd1 a5 20. Rd3 Bd7 21. g4 h6 22. Kg2 Reb8 23. Qe5 Be8 24. Qxd6 Bxd6 25. Bd4 Rb4 26. Bc5 Bxc5 27. Nxc5 Ra8 {Klekowski,M (2463)-Kuzubov,Y (2606) chess.com INT 2024 0-1 (81)}) 13... Rd8 14. Bd3 Ne5 15. Na4 Bd7 16. Nb6 Nxd3 17. Qxd3 Bb5 18. Qf5 Qe4 19. Qxe4 dxe4 20. Nxa8 Bxf1 21. Kxf1 exf3 22. Nb6 Bc5 1/2-1/2

[Event "Moscow FIDE GP"]
[Site "Moscow"]
[Date "2019.05.20"]
[Round "2.1"]
[White "Nakamura, Hikaru"]
[Black "Dubov, Daniil"]
[Result "1/2-1/2"]
[WhiteElo "2761"]
[BlackElo "2690"]
[PlyCount "55"]
[EventDate "2019.05.17"]
[EventType "k.o."]
[EventRounds "4"]
[EventCountry "RUS"]
[SourceTitle "CBM 190"]
[Source "ChessBase"]
[SourceDate "2019.06.30"]
[SourceVersion "1"]
[SourceVersionDate "2019.06.30"]
[SourceQuality "1"]

1. c4 Nf6 2. Nc3 c5 3. g3 e6 4. Nf3 d5 5. cxd5 exd5 6. d4 Nc6 7. Bg2 cxd4 8. Nxd4 Bc5 9. Nb3 Bb6 10. O-O d4 11. Na4 O-O 12. Bg5 Re8 13. Nxb6 axb6 14. e3 d3 15. Bxf6 gxf6 16. a3 Be6 ({RR} 16... Bf5 17. Rc1 Qd7 18. Rc4 Rad8 19. Rf4 Kg7 20. Nd2 Ne5 21. h4 Bg4 22. Qb1 Be2 23. Re1 Rc8 24. Rd4 Qc7 25. Ne4 Red8 26. Nc3 Bf3 27. Rf4 d2 28. Rf1 Bxg2 29. Kxg2 Qc6+ 30. e4 Nd3 31. Rf3 {Kaustuv,K (2323)-Gorovets,A (2427) Mumbai IND 2026 1-0 (47)}) ({RR} 16... Bf5 17. Rc1 Qd7 18. Rc4 Rad8 19. Rf4 Kg7 20. Nd2 Ne5 21. h4 Bg4 22. Qb1 Be2 23. Re1 Rc8 24. Rd4 Qc7 25. Ne4 Red8 26. Nc3 Bf3 27. Rf4 d2 28. Rf1 Bxg2 29. Kxg2 Qc6+ 30. e4 Nd3 31. Rf3 {Kaustuv,K (2323)-Gorovets,A (2427) Mumbai IND 2026 1-0 (47)}) 17. Rc1 Rc8 ({RR} 17... Qd6 18. Rc3 Rad8 19. Qh5 d2 20. Rd1 Bxb3 21. Rxb3 Re5 22. Qg4+ Rg5 23. Qf4 Qe6 24. Rc3 Rc5 25. Be4 Rxc3 26. bxc3 Ne5 27. c4 b5 28. Bd5 Qe7 29. Rxd2 bxc4 30. Rd4 Kg7 31. Qf5 Qxa3 32. h4 {Abdusattorov,N (2633)-Grischuk,A (2764) Warsaw 2021 ½-½ (54)}) ({RR} 17... Qd6 18. Rc3 Rad8 19. Qh5 d2 20. Rd1 Bxb3 21. Rxb3 Re5 22. Qg4+ Rg5 23. Qf4 Qe6 24. Rc3 Rc5 25. Be4 Rxc3 26. bxc3 Ne5 27. c4 b5 28. Bd5 Qe7 29. Rxd2 bxc4 30. Rd4 Kg7 31. Qf5 Qxa3 32. h4 {Abdusattorov,N (2633)-Grischuk,A (2764) Warsaw 2021 ½-½ (54)}) 18. Rc3 $146 ({RR} 18. Nd2 Bd5 19. Qg4+ Kh8 20. Qf5 Re5 21. Qf4 Bxg2 22. Kxg2 Qd5+ 23. Kg1 Qe6 24. Rfd1 Rd8 25. Qh6 Rc5 {½-½ (25) Romanov,E (2563)-Ghazarian,K (2480) Escaldes AND 2024}) ({RR} 18. Nd2 Bd5 19. Qg4+ Kh8 20. Qf5 Re5 21. Qf4 Bxg2 22. Kxg2 Qd5+ 23. Kg1 Qe6 24. Rfd1 Rd8 25. Qh6 Rc5 {½-½ (25) Romanov,E (2563)-Ghazarian,K (2480) Escaldes AND 2024}) ({RR} 18. Nd2 Bd5 19. Qg4+ Kh8 20. Qf5 Re5 21. Qf4 Bxg2 22. Kxg2 Qd5+ 23. Kg1 Qe6 24. Rfd1 Rd8 25. Qh6 Rc5 {½-½ (25) Romanov,E (2563)-Ghazarian,K (2480) Escaldes AND 2024}) ({RR} 18. Nd2 Bd5 19. Qg4+ Kh8 20. Qf5 Re5 21. Qf4 Bxg2 22. Kxg2 Qd5+ 23. Kg1 Qe6 24. Rfd1 Rd8 25. Qh6 Rc5 {½-½ (25) Romanov,E (2563)-Ghazarian,K (2480) Escaldes AND 2024}) 18... Ne5 19. Nd4 Rxc3 20. bxc3 Qc7 21. Qd2 Bd7 22. Re1 Rc8 23. Rc1 Qc5 24. f4 Nc4 25. Qxd3 Qxa3 26. Rb1 Nd6 27. Ne2 Bf5 28. e4 1/2-1/2

[Event "TUR-chT"]
[Site "Ankara"]
[Date "2018.08.02"]
[Round "9.3"]
[White "Jakovenko, Dmitrij"]
[Black "Mamedov, Rauf"]
[Result "1/2-1/2"]
[WhiteElo "2749"]
[BlackElo "2708"]
[PlyCount "141"]
[EventDate "2018.07.25"]
[EventType "team-tourn"]
[EventRounds "13"]
[EventCountry "TUR"]
[SourceTitle "CBM 185 Extra"]
[Source "ChessBase"]
[SourceDate "2018.07.29"]
[SourceVersion "1"]
[SourceVersionDate "2018.07.29"]
[SourceQuality "1"]
[WhiteTeam "Hatay Buyuksehir"]
[BlackTeam "Besiktas Jimnastik"]
[WhiteTeamCountry "TUR"]
[BlackTeamCountry "TUR"]

1. d4 d5 2. c4 e6 3. Nf3 c5 4. cxd5 exd5 5. Nc3 Nc6 6. dxc5 d4 7. Na4 Bxc5 8. Nxc5 Qa5+ 9. Bd2 Qxc5 10. Rc1 Qe7 11. e3 Nf6 12. Be2 ({RR} 12. Bb5 dxe3 13. Bxc6+ bxc6 14. Bxe3 Qb4+ 15. Qd2 Qxd2+ 16. Kxd2 Bb7 17. Rhd1 O-O 18. Nd4 Rfc8 19. Nf5 Rd8+ 20. Ke2 Rxd1 21. Rxd1 Nd5 22. Bd4 Nf4+ 23. Kf3 Ne6 24. Be3 c5+ 25. Kg3 g6 26. Nd6 Rd8 {Schmakel,S (2457)-Micic,C (2364) chess.com INT 2024 1-0 (32)}) ({RR} 12. Bb5 dxe3 13. Bxc6+ bxc6 14. Bxe3 Qb4+ 15. Qd2 Qxd2+ 16. Kxd2 Bb7 17. Rhd1 O-O 18. Nd4 Rfc8 19. Nf5 Rd8+ 20. Ke2 Rxd1 21. Rxd1 Nd5 22. Bd4 Nf4+ 23. Kf3 Ne6 24. Be3 c5+ 25. Kg3 g6 26. Nd6 Rd8 {Schmakel,S (2457)-Micic,C (2364) chess.com INT 2024 1-0 (32)}) 12... O-O 13. O-O Rd8 14. Nxd4 $146 ({RR} 14. Qc2 Bg4 15. Qd3 Bxf3 16. gxf3 Qe6 17. Qb3 Qd7 18. Kh1 d3 19. Bd1 Ne5 20. Rg1 Qh3 21. Rc7 Nd5 22. Bc3 Nxc7 23. Bxe5 Ne8 24. Qxb7 d2 25. Qe4 Rac8 26. Bc3 Qh6 27. Ba4 Nf6 28. Qf5 Rc6 {Hovenga,A (2209)-Mollema,T (2244) Netherlands 2021 0-1 (71)}) ({RR} 14. Qc2 Bg4 15. Qd3 Bxf3 16. gxf3 Qe6 17. Qb3 Qd7 18. Kh1 d3 19. Bd1 Ne5 20. Rg1 Qh3 21. Rc7 Nd5 22. Bc3 Nxc7 23. Bxe5 Ne8 24. Qxb7 d2 25. Qe4 Rac8 26. Bc3 Qh6 27. Ba4 Nf6 28. Qf5 Rc6 {Hovenga,A (2209)-Mollema,T (2244) Netherlands 2021 0-1 (71)}) ({RR} 14. Qc2 Bg4 15. Qd3 Bxf3 16. gxf3 Qe6 17. Qb3 Qd7 18. Kh1 d3 19. Bd1 Ne5 20. Rg1 Qh3 21. Rc7 Nd5 22. Bc3 Nxc7 23. Bxe5 Ne8 24. Qxb7 d2 25. Qe4 Rac8 26. Bc3 Qh6 27. Ba4 Nf6 28. Qf5 Rc6 {Hovenga,A (2209)-Mollema,T (2244) Netherlands 2021 0-1 (71)}) ({RR} 14. Qc2 Bg4 15. Qd3 Bxf3 16. gxf3 Qe6 17. Qb3 Qd7 18. Kh1 d3 19. Bd1 Ne5 20. Rg1 Qh3 21. Rc7 Nd5 22. Bc3 Nxc7 23. Bxe5 Ne8 24. Qxb7 d2 25. Qe4 Rac8 26. Bc3 Qh6 27. Ba4 Nf6 28. Qf5 Rc6 {Hovenga,A (2209)-Mollema,T (2244) Netherlands 2021 0-1 (71)}) 14... Nxd4 15. exd4 Rxd4 16. Qe1 Re4 17. Be3 Nd5 18. Bf3 Nxe3 19. Bxe4 Nxf1 20. Kxf1 Be6 21. Bd5 Qd6 22. Bxe6 fxe6 23. Kg1 Rd8 24. h3 h6 25. Qe3 a6 26. Re1 Re8 27. Qe4 Qd2 28. Re2 Qd7 29. Qe5 Re7 30. Re4 Qd1+ 31. Kh2 Qd7 32. f4 Kf7 33. Rd4 Qc7 34. Rd6 Qc2 35. Qh5+ Qg6 36. Qxg6+ Kxg6 37. g4 Kf6 38. Kg3 g6 39. Kf3 Rc7 40. Rb6 h5 41. Ke3 hxg4 42. hxg4 Rd7 43. Ke4 Ke7 44. a4 Rc7 45. b3 Rd7 46. g5 Rc7 47. Rb4 Kd6 48. Rb6+ Ke7 49. Kd4 Rd7+ 50. Ke5 Rd5+ 51. Ke4 Rd7 52. Rb4 Rc7 53. Ke5 Rd7 54. Rc4 a5 55. Ke4 Rd5 56. Rc7+ Rd7 57. Rc3 Rd1 58. Rh3 Re1+ 59. Kd4 Kd6 60. Rh6 Rf1 61. Ke4 Re1+ 62. Kf3 Rb1 63. Rxg6 Rxb3+ 64. Kg4 Rb4 65. Rg8 Ke7 66. g6 e5 67. Kg5 exf4 68. Rg7+ Kf8 69. Rf7+ Kg8 70. Rxf4 b6 71. Rf6 1/2-1/2

[Event "Olympiad-43"]
[Site "Batumi"]
[Date "2018.09.27"]
[Round "4.25"]
[White "Jumabayev, Rinat"]
[Black "Kovalev, Vladislav"]
[Result "0-1"]
[WhiteElo "2605"]
[BlackElo "2664"]
[PlyCount "112"]
[EventDate "2018.09.24"]
[EventType "team-swiss"]
[EventRounds "11"]
[EventCountry "GEO"]
[SourceTitle "CBM 187"]
[Source "ChessBase"]
[SourceDate "2018.12.11"]
[SourceVersion "1"]
[SourceVersionDate "2018.12.11"]
[SourceQuality "1"]
[WhiteTeam "Kazakhstan"]
[BlackTeam "Belarus"]
[WhiteTeamCountry "KAZ"]
[BlackTeamCountry "BLR"]

1. c4 Nf6 2. Nc3 e6 3. Nf3 d5 4. e3 c5 5. cxd5 exd5 6. d4 a6 7. Be2 Nc6 8. O-O Bd6 9. dxc5 Bxc5 10. a3 O-O 11. b4 Ba7 12. b5 axb5 ({RR} 12... d4 13. bxc6 dxc3 14. Qb3 Qc7 15. Qxc3 Bd7 16. Ne5 Ne4 17. Qb4 Bxc6 18. Nxc6 Qxc6 19. Bb2 a5 20. Qb5 Qxb5 21. Bxb5 Nd6 22. Be2 Rac8 23. Rab1 Bc5 24. a4 Ne4 25. Rbc1 Be7 26. Bg4 Rxc1 27. Rxc1 {Rasmussen,A (2491)-Oksendal,M (2264) Fagernes NOR 2026 1-0 (75)}) ({RR} 12... d4 13. bxc6 dxc3 14. Qb3 Qc7 15. Qxc3 Bd7 16. Ne5 Ne4 17. Qb4 Bxc6 18. Nxc6 Qxc6 19. Bb2 a5 20. Qb5 Qxb5 21. Bxb5 Nd6 22. Be2 Rac8 23. Rab1 Bc5 24. a4 Ne4 25. Rbc1 Be7 26. Bg4 Rxc1 27. Rxc1 {Rasmussen,A (2491)-Oksendal,M (2264) Fagernes NOR 2026 1-0 (75)}) 13. Nxb5 Bb8 14. Bb2 Ne4 15. Qc2 $146 ({RR} 15. Rc1 Bg4 16. Nbd4 Qd6 17. g3 Bh3 18. Re1 f6 19. Nb5 Qd7 20. Qb3 Kh8 21. Red1 Re8 22. Bd3 Qf5 23. Bxe4 Qxe4 24. Nh4 Bg4 25. Rd2 Be5 26. Nd4 Bxd4 27. Bxd4 Na5 28. Qb4 Nc4 29. Rdc2 b6 {Kostic,M (2135)-Roshina,T Sofia 1994 0-1 (51)}) ({RR} 15. Rc1 Bg4 16. Rc2 Re8 17. Nfd4 Bd7 18. g3 Ne5 19. Nb3 Nf3+ 20. Bxf3 Bxb5 21. Be2 Ba4 22. Qd4 Be5 23. Qb4 Bd6 24. Qd4 Bf8 25. Na1 Bxc2 26. Nxc2 Qg5 27. Nb4 Bc5 28. Qxd5 Qxd5 29. Nxd5 Bxa3 {Agdestein,S (2580)-Akesson,R (2535) Gentofte 1999 ½-½ (75)}) ({RR} 15. Qb3 Be6 16. Rfd1 Qe7 17. Rac1 Re8 18. g3 Bg4 19. Nbd4 Ba7 20. Rc2 Bh3 21. Bb5 Rac8 22. Qa4 Nxd4 23. Bxd4 Bxd4 24. Bxe8 Nc3 25. Qxd4 Nxd1 26. Rxc8 Bxc8 27. Ba4 {1-0 (27) Alcazar Jimenez,V (2321)-Pascual Genoves,M (2075) Formigal 2002}) ({RR} 15. Rc1 Bg4 16. Nbd4 Qd6 17. g3 Bh3 18. Re1 f6 19. Nb5 Qd7 20. Qb3 Kh8 21. Red1 Re8 22. Bd3 Qf5 23. Bxe4 Qxe4 24. Nh4 Bg4 25. Rd2 Be5 26. Nd4 Bxd4 27. Bxd4 Na5 28. Qb4 Nc4 29. Rdc2 b6 {Kostic,M (2135)-Roshina,T Sofia 1994 0-1 (51)}) ({RR} 15. Rc1 Bg4 16. Rc2 Re8 17. Nfd4 Bd7 18. g3 Ne5 19. Nb3 Nf3+ 20. Bxf3 Bxb5 21. Be2 Ba4 22. Qd4 Be5 23. Qb4 Bd6 24. Qd4 Bf8 25. Na1 Bxc2 26. Nxc2 Qg5 27. Nb4 Bc5 28. Qxd5 Qxd5 29. Nxd5 Bxa3 {Agdestein,S (2580)-Akesson,R (2535) Gentofte 1999 ½-½ (75)}) ({RR} 15. Qb3 Be6 16. Rfd1 Qe7 17. Rac1 Re8 18. g3 Bg4 19. Nbd4 Ba7 20. Rc2 Bh3 21. Bb5 Rac8 22. Qa4 Nxd4 23. Bxd4 Bxd4 24. Bxe8 Nc3 25. Qxd4 Nxd1 26. Rxc8 Bxc8 27. Ba4 {1-0 (27) Alcazar Jimenez,V (2321)-Pascual Genoves,M (2075) Formigal 2002}) 15... Qe7 16. Rfd1 Rd8 17. Nc3 Nf6 18. h3 h6 19. Bf1 Ne5 20. Nxe5 Bxe5 21. Nb5 Bf5 22. Qb3 Bxb2 23. Qxb2 Ra5 24. Qb4 Qxb4 25. axb4 Raa8 26. f3 Kf8 27. Rxa8 Rxa8 28. Nd6 Be6 29. Nxb7 Rb8 30. Ba6 Bc8 31. Nc5 Bxa6 32. Nxa6 Rb6 33. Ra1 d4 34. e4 Nh5 35. Nc7 Nf4 36. g3 Ne2+ 37. Kf2 Nc3 38. Na6 g5 39. e5 f6 40. exf6 Kf7 41. Ke1 Rxf6 42. Nc7 Rxf3 43. b5 Rxg3 44. Kf1 Rxh3 45. Kg2 Re3 46. Rf1+ Ke7 47. b6 Re2+ 48. Rf2 Rxf2+ 49. Kxf2 Ne4+ 50. Kf3 Nc5 51. Nb5 d3 52. Ke3 Kd7 53. Nd4 h5 54. Nf3 g4 55. Ne5+ Kc8 56. Ng6 Kb7 0-1